Unholy wars; afghanistan, america and international terrorism [urdu] (Record no. 327503)
[ view plain ]
| 000 -LEADER | |
|---|---|
| fixed length control field | 00423 a2200133 4500 |
| 001 - CONTROL NUMBER | |
| control field | 92430 |
| 082 ## - DEWEY DECIMAL CLASSIFICATION NUMBER | |
| Classification number | 958.1045 COO |
| 090 ## - LOCALLY ASSIGNED LC-TYPE CALL NUMBER (OCLC); LOCAL CALL NUMBER (RLIN) | |
| -- | 44402 |
| -- | 44403 |
| 100 ## - MAIN ENTRY--PERSONAL NAME | |
| Personal name | Cooley John K.; Farrukh Sohail Govedi |
| 245 ## - TITLE STATEMENT | |
| Title | Unholy wars; afghanistan, america and international terrorism [urdu] |
| Statement of responsibility, etc. | Furrukh Suhail |
| 260 ## - PUBLICATION, DISTRIBUTION, ETC. | |
| Place of publication, distribution, etc. | Lahore |
| Name of publisher, distributor, etc. | Jumhori Pub |
| Date of publication, distribution, etc. | 2010 |
| 300 ## - PHYSICAL DESCRIPTION | |
| Extent | 394 p. |
| 651 ## - SUBJECT ADDED ENTRY--GEOGRAPHIC NAME | |
| Geographic name | kabul say baghdad tak-ghair muqaddas jangian |
| 942 ## - ADDED ENTRY ELEMENTS (KOHA) | |
| Institution code [OBSOLETE] | CAE NUST |
| Call number prefix | 958.1045 COO |
| Withdrawn status | Lost status | Damaged status | Not for loan | Collection code | Permanent Location | Current Location | Date acquired | Total Checkouts | Full call number | Barcode | Date last seen | Price effective from | Koha item type |
|---|---|---|---|---|---|---|---|---|---|---|---|---|---|
| College of Aeronautical Engineering (CAE) | College of Aeronautical Engineering (CAE) | 04/03/2017 | 958.1045 COO | CAE88653 | 04/05/2017 | 04/05/2017 | Book |
